Unfair- Felix (stray kids) - Statistics

General Stats
  • This quiz has been taken 322 times
  • The average score is 227 of 336
Answer Stats
Answer % Correct
i
100%
I
100%
life
100%
my
100%
so
100%
unfair
100%
is
99%
me
94%
you
91%
a
90%
be
90%
the
87%
ever
84%
in
84%
see
84%
every
83%
beast
81%
night
81%
on
80%
as
79%
love
79%
when
79%
an
78%
if
78%
i'm
78%
out
78%
sees
78%
everyone
77%
there
77%
no
76%
become
75%
human
75%
came
72%
can
72%
dreams
72%
inside
72%
nightmares
72%
one
72%
since
71%
and
70%
into
70%
to
70%
just
69%
left
69%
all
67%
Belle
67%
myself
66%
truly
66%
now
65%
beauty
64%
wanna
64%
about
63%
go
63%
your
63%
still
60%
unconditional
60%
break
59%
give
59%
yeah
58%
angel
57%
door
57%
free
57%
from
57%
right
57%
that
57%
think
57%
thought
57%
please
56%
woman
56%
know
55%
shining
55%
true
55%
unprepared
55%
above
54%
like
54%
much
54%
only
54%
god
53%
heart
53%
saving
52%
sent
52%
with
52%
day
51%
feel
51%
had
51%
how
51%
whole
51%
let
50%
prayer
50%
taught
50%
until
50%
by
49%
hope
49%
met
49%
wanted
49%
answered
47%
despair
47%
time
47%
loved
46%
saw
46%
was
46%
this
45%
will
45%
but
44%
last
44%
lie
44%
fallin'
43%
gaston
43%
where
43%
can't
41%
down
40%
hate
40%
shine
40%
lost
39%
nothing
39%
pain
39%
rain
39%
after
38%
bright
38%
fate
38%
felt
38%
it
38%
miss
38%
at
37%
change
37%
could
37%
light
37%
piece
37%
way
37%
old
36%
staring
35%
up
35%
die
34%
fight
34%
own
34%
self
34%
song
34%
take
34%
wait
34%
won't
34%
dark
33%
spell
33%
tale
33%
didn't
32%
rhyme
32%
falling
31%
rang
31%
bare
30%
gonna
30%
petals
30%
feeling
29%
name
29%
saved
29%
any
28%
during
28%
guess
28%
long
28%
sight
28%
warmed
28%
before
27%
peace
27%
woke
27%
everything
26%
while
26%
callin'
25%
filled
25%
tear
25%
say
22%
'til
22%
No matching quizzes found
Score Distribution
Percent of People with Each Score
Percentile by Number Answered
Your Score History
You have not taken this quiz